000 01522nam a2200361 c 4500
003 BLK
005 20180422093023.0
008 180412b bul|||||r ||||||| ||bul||
010 _aKNG00002255000
020 _a954-01-0035-6
_bиздат.: Просвета
040 _aBLK
041 _aBUL
_cBUL
080 _aОснови на математиката в основното образование
_b372.47
_x(075.2)
_z372.47(075.2)
100 1 _aРадев, Ради Маринов
_eпърви автор
_9363344
700 1 _aГеоргиев, Владимир Александров
_eсъавт.
_9244153
700 1 _aЛютова-Димитрова, Мима Асенова
_eсъавт.
_990373
139 _aРадев, Ради Маринов и др.
_bР 12
245 1 0 _aМатематика
_bЗа I кл. на СОУ
_cРади Маринов Радев; съавт. Владимир Александров Георгиев; съавт. Мима Асенова Лютова-Димитрова.
257 _aBGR
260 София
_bПросвета
_c1991
300 _a128 с.
_c24 см
380 _a3
500 _aДоп. тир. 1992, 1993, 1994
650 4 _aМатематика - учебници за основни училища
_9243462
653 _aматематика
653 _aучебници за основни училища
653 _aІ кл.
852 _aЦб 166774
856 4 _qpdf
_u
856 4 _qpdf
_u
942 _cKNG
_n0
944 _aCR
_c15.01.2003
_kAB_DOS
944 _aED
_c15.01.2003
_k
999 _c1426
_d1426